书目信息 |
| 题名: |
海洋能资源开发利用
|
|
| 作者: | 褚同金 编著 | |
| 分册: | ||
| 出版信息: | 北京 化学工业出版社 2005 |
|
| 页数: | 245页 | |
| 开本: | 24cm | |
| 丛书名: | 21世纪可持续能源丛书 | |
| 单 册: | ||
| 中图分类: | P743 | |
| 科图分类: | ||
| 主题词: | 海洋动力资源--资源开发 , 海洋动力资源 , 资源开发 | |
| 电子资源: | ||
| ISBN: | 7-5025-5648-6 | |
| 000 | 00972oam2 2200277 450 | |
| 001 | 012007707965 | |
| 005 | 20070517144318.85 | |
| 010 | @a7-5025-5648-6@dCNY35.00 | |
| 100 | @a20070509d2005 km y0chiy0120 ea | |
| 101 | 0 | @achi |
| 102 | @aCN@b110000 | |
| 105 | @ac z 000yy | |
| 106 | @ar | |
| 200 | 1 | @a海洋能资源开发利用@Ahai yang neng zi yuan kai fa li yong@f褚同金编著@Fzhu tong jin bian zhu |
| 210 | @a北京@c化学工业出版社@d2005 | |
| 215 | @a245页@c照片@d24cm | |
| 225 | 2 | @a21世纪可持续能源丛书 |
| 330 | @a本书就海洋和海洋能资源开发利用技术, 收集了国内外的资料, 进行了广泛的阐释和说明, 尤其对海洋波浪发电、温差发电和潮汐发电等许多人们关注的技术问题和经济效益问题, 进行了系统详细地介绍和评论。 | |
| 461 | 0 | @12001 @a21世纪可持续能源丛书 |
| 606 | 0 | @a海洋动力资源@x资源开发 |
| 606 | 0 | @a海洋动力资源 |
| 606 | 0 | @a资源开发 |
| 690 | @aP743@v4 | |
| 701 | 0 | @a褚同金@Azhu tong jin@f(1937~)@4编著 |
| 801 | 0 | @aCN@bRULIN@c20070517 |
| 905 | @dP743@e44@s8 | |
| 海洋能资源开发利用/褚同金编著.-北京:化学工业出版社,2005 |
| 245页:照片;24cm.-(21世纪可持续能源丛书) |
| ISBN 7-5025-5648-6:CNY35.00 |
| 本书就海洋和海洋能资源开发利用技术, 收集了国内外的资料, 进行了广泛的阐释和说明, 尤其对海洋波浪发电、温差发电和潮汐发电等许多人们关注的技术问题和经济效益问题, 进行了系统详细地介绍和评论。 |
| ● |
| 相关链接 |
|
|
|
|
正题名:海洋能资源开发利用
索取号:P743/44
 
预约/预借
| 序号 | 登录号 | 条形码 | 馆藏地/架位号 | 状态 | 备注 |
| 1 | 0574977 | 205749779 | 第二样本阅览室/ [索取号:P743/44] | 在馆 | |
| 2 | 0574978 | 205749788 | 第三借阅区/ [索取号:P743/44] | 在馆 | |
| 3 | 0574979 | 205749797 | 第三借阅区/ [索取号:P743/44] | 在馆 | |
| 4 | 0574980 | 205749804 | 第三借阅区/ [索取号:P743/44] | 在馆 | |
| 5 | 0574981 | 205749813 | 第三借阅区/ [索取号:P743/44] | 在馆 | |
| 6 | 0574982 | 205749822 | 第三借阅区/ [索取号:P743/44] | 在馆 | |
| 7 | 0574983 | 205749831 | 第三借阅区/ [索取号:P743/44] | 在馆 | |
| 8 | 0574984 | 205749840 | 第三借阅区/ [索取号:P743/44] | 在馆 |